Welcome to the Holygrace Academy Library

Please use search bar below to get started

THE CHRISTMAS RAT (Record no. 5653)

MARC details
000 -LEADER
fixed length control field 00310nam a22001457a 4500
020 ## - INTERNATIONAL STANDARD BOOK NUMBER
ISBN 0-439-29609-9
082 ## - DEWEY DECIMAL CLASSIFICATION NUMBER
Classification number 823
Item number AVI/C
100 ## - MAIN ENTRY--AUTHOR NAME
Personal name AVI
245 ## - TITLE STATEMENT
Title THE CHRISTMAS RAT
260 ## - PUBLICATION, DISTRIBUTION, ETC. (IMPRINT)
Place of publication NEW YORK
Name of publisher SCHOLASTIC INC
Year of publication 2000
300 ## - PHYSICAL DESCRIPTION
Number of Pages 135
520 ## - SUMMARY, ETC.
Summary, etc ENGLISH NOVEL
650 ## - SUBJECT ADDED ENTRY--TOPICAL TERM
Topical Term ENGLISH NOVEL
942 ## - ADDED ENTRY ELEMENTS (KOHA)
Koha item type Books
Holdings
Withdrawn status Lost status Collection code Home library Current library Shelving location Date acquired Source of acquisition Cost, normal purchase price Full call number Accession Number Koha item type
    Fiction Main Library Main Library SHELF 15-I-CHILDREN'S STORYBOOKS 19/06/2010 Purchase 40.00 823 AVI/C 05461 Books